Nomi italiani di città straniere - Austria e Svizzera - Statistics

Statistiche generali
  • Questo quiz è stato fatto 211 volte
  • Il punteggio medio è 11 su 14
Statistiche sulle risposte
Nomi locali Nomi italiani % Corretto
Bern (Svizzera) Berna
99%
Wien (Austria) Vienna
98%
Salzburg (Austria) Salisburgo
97%
Zurich (Svizzera) Zurigo
97%
Genève (Svizzera) Ginevra
96%
Basel (Svizzera) Basilea
92%
Fribourg (Svizzera) Friburgo
90%
Lausanne (Svizzera) Losanna
88%
Luzern (Svizzera) Lucerna
87%
Sankt Gallen (Svizzera) San Gallo
80%
Zug (Svizzera) Zugo
49%
Schaffhausen (Svizzera) Sciaffusa
42%
Chur (Svizzera) Coira
37%
Glarus (Svizzera) Glarona
31%
Nessun quiz corrispondente trovato
Distribuzione punteggi
Percentuale di utenti per punteggio
Percentile per numero di risposta
I tuoi punteggi nel tempo
Non hai fatto questo quiz